[Event "III Festival A"]
[Site "Assisi ITA"]
[Date "2006.02.03"]
[Round "2"]
[White "Peric, Slavisa"]
[Black "Caruso, Augusto"]
[Result "1-0"]
[WhiteElo "2284"]
[BlackElo "2232"]
[PlyCount "77"]
[EventDate "2006.02.02"]

1.d4 e6 2.Nf3 d5 3.Bf4 Bd6 4.Bg3 Nf6 5.Nbd2 Ne4 6.e3 f5 7.c4 c6 8.Bxd6 
Qxd6 9.Ne5 O-O 10.f3 Nf6 11.c5 Qe7 12.f4 Bd7 13.Be2 Be8 14.O-O b6 15.Rc1 
Nfd7 16.Nd3 b5 17.a4 a6 18.Ra1 Nf6 19.Ne5 Ra7 20.Kh1 Kh8 21.h3 Rg8 22.g4 
g5 23.fxg5 Rxg5 24.h4 Rg7 25.g5 Ng8 26.Bh5 Rxg5 27.hxg5 Qxg5 28.Bf3 Qh6+ 
29.Kg1 Qxe3+ 30.Rf2 Qxd4 31.Qe2 Nf6 32.axb5 Ne4 33.Bxe4 dxe4 34.Ndc4 cxb5 
35.Rd1 Qxc5 36.Rd8 Rg7+ 37.Kf1 Qe7 38.Rxb8 bxc4 39.Rg2 1-0

[Event "III Festival A"]
[Site "Assisi ITA"]
[Date "2006.02.03"]
[Round "2"]
[White "Rombaldoni, Axel"]
[Black "Anceschi, Vittorio"]
[Result "1/2-1/2"]
[WhiteElo "2123"]
[BlackElo "2266"]
[PlyCount "120"]
[EventDate "2006.02.02"]

1.e4 g6 2.d4 Bg7 3.Nc3 c6 4.h3 d5 5.Nf3 dxe4 6.Nxe4 Bf5 7.Ng3 Nf6 8.Nxf5 
gxf5 9.Bd3 e6 10.c3 Nbd7 11.Qe2 Kf8 12.Bf4 Nb6 13.Rd1 Nbd5 14.Be5 Nh5 15.
Bxg7+ Nxg7 16.Qd2 Qf6 17.c4 Nb6 18.a4 Rd8 19.a5 Nc8 20.Qb4+ Qe7 21.c5 a6 
22.O-O Qc7 23.Bc4 Ne7 24.Rd3 Ng6 25.Rb3 Rd7 26.Qb6 Nh5 27.Re1 h6 28.Ree3 
Rg8 29.Qxc7 Rxc7 30.Kh2 Kg7 31.Rb6 Rd8 32.Reb3 Rdd7 33.g3 Nf6 34.Rd3 Ne4 
35.Kg2 f4 36.g4 Ng5 37.h4 Nxf3 38.Kxf3 Nxh4+ 39.Kxf4 Ng6+ 40.Ke4 Ne7 41.f4
Nd5 42.Bxd5 Rxd5 43.Rdb3 f5+ 44.Kf3 fxg4+ 45.Kxg4 Rdd7 46.R6b4 Kf6 47.Rh3 
Rg7+ 48.Kf3 Rg6 49.Ke4 Rh7 50.Rbb3 h5 51.Rh2 h4 52.Rbh3 Rg4 53.b4 Rh5 54.
Rh1 Rf5 55.Rf1 Kg6 56.Rf2 Kh5 57.Rh1 Rd5 58.Rfh2 Rf5 59.Rf2 Kg6 60.Rh3 Kf6
1/2-1/2

[Event "III Festival A"]
[Site "Assisi ITA"]
[Date "2006.02.03"]
[Round "2"]
[White "Vincenzi, Marco"]
[Black "Rigo, Gianfrancesco"]
[Result "0-1"]
[WhiteElo "2079"]
[BlackElo "2019"]
[PlyCount "126"]
[EventDate "2006.02.02"]

1.d4 b6 2.e4 Bb7 3.Nc3 e6 4.Nf3 Bb4 5.Bd3 Nf6 6.Qe2 d5 7.exd5 Nxd5 8.Bd2 
Nxc3 9.bxc3 Be7 10.Ne5 O-O 11.Kf1 Nd7 12.Re1 Nxe5 13.dxe5 Qd5 14.Qg4 f5 
15.exf6 Rxf6 16.c4 Bc5 17.Be3 Qc6 18.f3 Raf8 19.Be4 Qxe4 20.Qxe4 Bxe4 21.
Bxc5 bxc5 22.Rxe4 Rb8 23.Ke2 Kf7 24.Kd3 Rb2 25.Ra1 Ke7 26.Kc3 Rb6 27.Rd1 
Rd6 28.Rb1 Rb6 29.Rb3 Kd6 30.f4 Rh6 31.h3 Rg6 32.g4 Rh6 33.Re3 Rf6 34.Rd3+
Kc6 35.Ra3 Rxf4 36.Rxa7 e5 37.a3 e4 38.Re3 Kd6 39.Ra8 Rb1 40.Re8 Rbf1 41.
Kb2 R1f3 42.R8xe4 Rxe3 43.Rxe3 Rxc4 44.Kb3 Rf4 45.c4 Rf1 46.Rd3+ Kc6 47.
Re3 Kd6 48.Rc3 Ke5 49.Rd3 c6 50.Rd7 Rf3+ 51.Kb2 Rxh3 52.Rxg7 Kd4 53.Rc7 
Kxc4 54.Rxc6 Rh2+ 55.Kb1 Kb5 56.Rf6 Ka4 57.Rc6 Kb5 58.Rf6 c4 59.Rf3 Rg2 
60.Rh3 Rxg4 61.Rxh7 Ka4 62.Ra7+ Kb3 63.Rb7+ Kc3 0-1

[Event "III Festival A"]
[Site "Assisi ITA"]
[Date "2006.02.03"]
[Round "3"]
[White "Anceschi, Vittorio"]
[Black "Malfagia, Andrea"]
[Result "0-1"]
[WhiteElo "2266"]
[BlackElo "2244"]
[PlyCount "80"]
[EventDate "2006.02.02"]

1.e4 e6 2.d3 d5 3.Nd2 c5 4.Ngf3 Nc6 5.g3 g6 6.Bg2 Bg7 7.O-O Nge7 8.Re1 b6 
9.e5 Qc7 10.Qe2 h6 11.h4 a5 12.Nf1 Ba6 13.Bf4 O-O-O 14.a3 g5 15.hxg5 Ng6 
16.Qd2 Rdg8 17.gxh6 Nxf4 18.hxg7 Nh3+ 19.Kh2 Rxg7 20.Bxh3 Rgh7 21.Ng5 f6 
22.exf6 Rxh3+ 23.Kg2 e5 24.c3 Qd7 25.f7 R3h5 26.f4 Qf5 27.Qe2 Rxg5 28.fxg5
e4 29.g4 Qh7 30.f8=Q+ Rxf8 31.Ng3 Bxd3 32.Qd2 Ne5 33.Rh1 Qd7 34.Rh3 Qxg4 
35.Rah1 Qf3+ 36.Kg1 e3 37.Qe1 Qf4 38.Ne2 Bxe2 39.Qxe2 Qxg5+ 40.Qg2 Qf4 0-1

[Event "III Festival A"]
[Site "Assisi ITA"]
[Date "2006.02.03"]
[Round "3"]
[White "Bartolozzi, Roberto"]
[Black "Cucinella, Vincenzo"]
[Result "1-0"]
[WhiteElo "2093"]
[BlackElo "2142"]
[PlyCount "99"]
[EventDate "2006.02.02"]

1.Nf3 Nf6 2.d4 g6 3.Bf4 Bg7 4.e3 O-O 5.Be2 d6 6.h3 Nbd7 7.Nbd2 c5 8.c3 b6 
9.O-O Bb7 10.a4 a6 11.Qb3 Qc7 12.Rac1 Bc6 13.c4 e5 14.dxe5 dxe5 15.Bh2 
Rfe8 16.Nb1 Ne4 17.Rfd1 Qb7 18.Nbd2 Nxd2 19.Rxd2 e4 20.Ne1 Ne5 21.Rcd1 h6 
22.Qa3 a5 23.Qb3 Rab8 24.Nc2 Qc7 25.Na3 Red8 26.Nb5 Bxb5 27.Qxb5 Rxd2 28.
Rxd2 Rd8 29.Rd5 Kh7 30.Qb3 Re8 31.Qd1 Re7 32.Rd6 Qb7 33.Qd5 Qa7 34.Qxe4 f5
35.Qd5 Nf7 36.Re6 Rd7 37.Qc6 Rd2 38.Bf3 Nd8 39.Qxb6 Rxb2 40.Qxd8 Rb1+ 41.
Bd1 Qf7 42.Rd6 Bd4 43.Rxd4 cxd4 44.Qxd4 Qg7 45.Be5 Rxd1+ 46.Qxd1 Qxe5 47.
Qd7+ Kg8 48.Qd5+ Qxd5 49.cxd5 Kf7 50.f3 1-0

[Event "III Festival A"]
[Site "Assisi ITA"]
[Date "2006.02.03"]
[Round "3"]
[White "Diotallevi, Maurizio"]
[Black "Caruso, Augusto"]
[Result "0-1"]
[WhiteElo "2122"]
[BlackElo "2232"]
[PlyCount "98"]
[EventDate "2006.02.02"]

1.d4 g6 2.Nf3 d6 3.e4 Bg7 4.c4 c5 5.d5 Nf6 6.Nc3 b5 7.cxb5 a6 8.Qc2 O-O 9.
h3 axb5 10.Bxb5 Ba6 11.a4 Nxe4 12.Bxa6 Nxc3 13.Bc4 Qa5 14.Bd2 Qb4 15.Bd3 
Rxa4 16.Rb1 Nxb1 17.Bxb4 Rxb4 18.Qxb1 c4 19.O-O Rxb2 20.Qd1 cxd3 21.Qxd3 
Nd7 22.Re1 Bf6 23.Nd4 Ra8 24.Nc6 Raa2 25.Nxe7+ Kf8 26.Qe3 Rxf2 27.Nc6 
Rxg2+ 28.Kf1 Kg7 29.Qf3 Rgd2 30.Nb4 Rab2 31.Nd3 Rb3 32.Re3 Rbxd3 33.Rxd3 
Ne5 34.Qxf6+ Kxf6 35.Rxd2 Kf5 36.Rd4 Nf3 37.Ra4 Ke5 38.Kf2 Ng5 39.h4 Ne4+ 
40.Kf3 f5 41.Ra7 h6 42.Rh7 g5 43.Rxh6 g4+ 44.Kg2 f4 45.Rh5+ Kd4 46.Rf5 Ke3
47.h5 f3+ 48.Kh2 g3+ 49.Kh3 Kf2 0-1

[Event "III Festival A"]
[Site "Assisi ITA"]
[Date "2006.02.03"]
[Round "3"]
[White "Lagumina, Giulio"]
[Black "Antoniacci, Riccardo"]
[Result "1-0"]
[WhiteElo "2311"]
[BlackElo "2006"]
[PlyCount "39"]
[EventDate "2006.02.02"]

1.e4 e5 2.Nc3 Nf6 3.g3 Bc5 4.Bg2 Nc6 5.d3 O-O 6.Nf3 a6 7.O-O d6 8.Nd5 Nxd5
9.exd5 Ne7 10.d4 exd4 11.Nxd4 Ng6 12.b3 Ne5 13.Bb2 Bg4 14.f3 Bh5 15.Kh1 c6
16.g4 cxd5 17.gxh5 Qh4 18.h3 Rac8 19.f4 Nd7 20.Nf5 1-0

[Event "III Festival A"]
[Site "Assisi ITA"]
[Date "2006.02.03"]
[Round "3"]
[White "Magalotti, Andrea"]
[Black "Giuliani, Sante"]
[Result "1/2-1/2"]
[WhiteElo "2136"]
[BlackElo "2004"]
[PlyCount "68"]
[EventDate "2006.02.02"]

1.e4 d5 2.exd5 Qxd5 3.Nc3 Qa5 4.d4 Nf6 5.Bc4 Bf5 6.Nf3 e6 7.Qe2 c6 8.Ne5 
Bb4 9.Bd2 Nbd7 10.O-O-O Nxe5 11.dxe5 Nd5 12.Ne4 Bxe4 13.Qxe4 Bxd2+ 14.Rxd2
O-O-O 15.Rhd1 Qc5 16.g3 h6 17.Rd4 Ne7 18.g4 Rxd4 19.Rxd4 Rd8 20.c3 Rxd4 
21.Qxd4 Qxd4 22.cxd4 Nd5 23.Bxd5 cxd5 24.f4 Kd7 25.Kd2 g6 26.Kc3 Kc6 27.
Kb4 b6 28.a4 a5+ 29.Kc3 Kd7 30.Kd3 Ke7 31.Ke3 Kf8 32.h4 Ke7 33.h5 gxh5 34.
gxh5 f5 1/2-1/2

[Event "III Festival A"]
[Site "Assisi ITA"]
[Date "2006.02.03"]
[Round "3"]
[White "Mogranzini, Roberto"]
[Black "Bonafede, Alessandro"]
[Result "1/2-1/2"]
[WhiteElo "2370"]
[BlackElo "2115"]
[PlyCount "43"]
[EventDate "2006.02.02"]

1.e4 c5 2.Nf3 Nc6 3.Nc3 Nf6 4.Bb5 Qc7 5.O-O a6 6.Bxc6 dxc6 7.h3 e5 8.d3 g6
9.Be3 b6 10.a4 a5 11.Nd2 Nh5 12.Ne2 Bg7 13.f4 Bh6 14.Nc4 Nxf4 15.Nxf4 exf4
16.Bd2 O-O 17.Qe1 g5 18.Qe2 Bg7 19.Bc3 Be6 20.Bxg7 Kxg7 21.Nd2 f6 22.Nf3 
1/2-1/2

[Event "III Festival A"]
[Site "Assisi ITA"]
[Date "2006.02.03"]
[Round "3"]
[White "Novelli, Cristiano"]
[Black "Vincenzi, Marco"]
[Result "1/2-1/2"]
[WhiteElo "2073"]
[BlackElo "2079"]
[PlyCount "80"]
[EventDate "2006.02.02"]

1.e4 c5 2.Nc3 Nc6 3.g3 g6 4.Bg2 Bg7 5.d3 d6 6.Be3 Nf6 7.h3 O-O 8.Nge2 e5 
9.O-O Be6 10.f4 Nd4 11.Qd2 Rb8 12.g4 exf4 13.Bxf4 Ne8 14.Rae1 Be5 15.Bh6 
Ng7 16.Bg5 f6 17.Bf4 b5 18.Nd5 Bxd5 19.exd5 b4 20.c3 bxc3 21.bxc3 Nxe2+ 
22.Rxe2 Qb6 23.Kh1 a5 24.Be4 a4 25.Ref2 a3 26.Bxe5 fxe5 27.c4 Rxf2 28.Qxf2
Qc7 29.Qf6 Qd7 30.h4 Qd8 31.Qf7+ Kh8 32.Kg2 Qe8 33.Qc7 Qc8 34.Qe7 Qxg4+ 
35.Kh1 h5 36.Qxd6 Qxh4+ 37.Kg1 Qg3+ 38.Kh1 Qh3+ 39.Kg1 Qg3+ 40.Kh1 Qh4+ 
1/2-1/2

[Event "III Festival A"]
[Site "Assisi ITA"]
[Date "2006.02.03"]
[Round "3"]
[White "Rigo, Gianfrancesco"]
[Black "Frigieri, Fabrizio"]
[Result "1-0"]
[WhiteElo "2019"]
[BlackElo "2096"]
[PlyCount "37"]
[EventDate "2006.02.02"]

1.e4 c5 2.Nf3 Nc6 3.d4 cxd4 4.Nxd4 Nf6 5.Nc3 e5 6.Ndb5 d6 7.Bg5 a6 8.Na3 
b5 9.Bxf6 gxf6 10.Nd5 f5 11.c3 Bg7 12.Bd3 Be6 13.Qh5 Rb8 14.Nc2 Qd7 15.
Nce3 f4 16.Nf5 Kf8 17.Nxg7 Kxg7 18.Qg5+ Kf8 19.Qh6+ 1-0

[Event "III Festival A"]
[Site "Assisi ITA"]
[Date "2006.02.03"]
[Round "3"]
[White "Rombaldoni, Axel"]
[Black "Korneev, Oleg"]
[Result "0-1"]
[WhiteElo "2123"]
[BlackElo "2649"]
[PlyCount "92"]
[EventDate "2006.02.02"]

1.e4 c5 2.Nf3 e6 3.d4 cxd4 4.Nxd4 Nc6 5.Nc3 Qc7 6.Be2 a6 7.O-O Nf6 8.Kh1 
h5 9.f4 Nxd4 10.Qxd4 Bc5 11.Qd3 Ng4 12.Bxg4 hxg4 13.Qg3 b5 14.Qxg4 Bb7 15.
a3 O-O-O 16.Qe2 Rh4 17.Be3 Rdh8 18.h3 Rxh3+ 19.gxh3 Rxh3+ 20.Kg2 Rxe3 21.
Qh5 Bxe4+ 22.Nxe4 Rxe4 23.Qf3 d5 24.Rae1 Rc4 25.c3 Bd6 26.f5 Qd8 27.Rf2 
Qg5+ 28.Kf1 Rf4 29.Qe3 Qxf5 30.Rxf4 Bxf4 31.Qf3 g5 32.Kg2 Kd7 33.Re2 Kc6 
34.b4 e5 35.Qf2 Qg4+ 36.Kf1 Qh3+ 37.Kg1 Qg3+ 38.Qxg3 Bxg3 39.Re3 Bf4 40.
Rh3 d4 41.Rh6+ Kd5 42.cxd4 exd4 43.Kf2 g4 44.Rxa6 d3 45.Ra8 Ke4 46.Re8+ 
Be5 0-1

[Event "III Festival A"]
[Site "Assisi ITA"]
[Date "2006.02.03"]
[Round "3"]
[White "Rombaldoni, Denis"]
[Black "Peric, Slavisa"]
[Result "1/2-1/2"]
[WhiteElo "2292"]
[BlackElo "2284"]
[PlyCount "77"]
[EventDate "2006.02.02"]

1.d4 d5 2.c4 c6 3.Nf3 Nf6 4.e3 Bf5 5.cxd5 cxd5 6.Qb3 Bc8 7.Bd2 e6 8.Bb5+ 
Nc6 9.Ne5 Bd7 10.Nxd7 Nxd7 11.O-O a6 12.Bxc6 bxc6 13.Qa4 Qb6 14.b4 Bd6 15.
Rc1 Rc8 16.Nc3 O-O 17.Rab1 e5 18.Nxd5 cxd5 19.Rxc8 Rxc8 20.Qxd7 Rd8 21.Qg4
exd4 22.Qxd4 Qb8 23.g3 Be5 24.Qd3 h5 25.Qxa6 h4 26.Be1 d4 27.Rd1 hxg3 28.
hxg3 Rd6 29.Qe2 dxe3 30.Rxd6 exf2+ 31.Bxf2 Bxd6 32.Qg4 Qxb4 33.Qxb4 Bxb4 
34.a4 Ba5 35.Bc5 f5 36.Kf2 Kf7 37.Ke3 Ke6 38.Kf4 Bc7+ 39.Kf3 1/2-1/2

[Event "III Festival A"]
[Site "Assisi ITA"]
[Date "2006.02.04"]
[Round "4"]
[White "Bonafede, Alessandro"]
[Black "Anceschi, Vittorio"]
[Result "1-0"]
[WhiteElo "2115"]
[BlackElo "2266"]
[PlyCount "67"]
[EventDate "2006.02.02"]

1.e4 e6 2.d4 d5 3.e5 c5 4.c3 Qb6 5.Nf3 Bd7 6.a3 Bb5 7.c4 Bxc4 8.Bxc4 dxc4 
9.Nbd2 Nc6 10.dxc5 Qxc5 11.Qe2 Rd8 12.Nxc4 b5 13.Ncd2 Nh6 14.Ne4 Qc4 15.
Bg5 Qxe2+ 16.Kxe2 Nd4+ 17.Nxd4 Rxd4 18.f3 Be7 19.Bxh6 gxh6 20.Rhd1 Rxd1 
21.Rxd1 Rg8 22.g3 h5 23.a4 b4 24.a5 h4 25.g4 h5 26.h3 hxg4 27.fxg4 Rg6 28.
Rd4 a6 29.b3 Bd8 30.Rxb4 Bxa5 31.Rb7 Bd8 32.Nd6+ Kf8 33.Rxf7+ Kg8 34.Ra7 
1-0

[Event "III Festival A"]
[Site "Assisi ITA"]
[Date "2006.02.04"]
[Round "4"]
[White "Caruso, Augusto"]
[Black "Rigo, Gianfrancesco"]
[Result "1-0"]
[WhiteElo "2232"]
[BlackElo "2019"]
[PlyCount "73"]
[EventDate "2006.02.02"]

1.f4 d5 2.Nf3 Nf6 3.e3 e6 4.b3 Bd6 5.Bb2 Nbd7 6.Be2 c6 7.O-O Qc7 8.d4 h6 
9.Ne5 Ne4 10.c4 Ndf6 11.c5 Be7 12.Bf3 g5 13.Bh5 Rh7 14.Nc3 Nxh5 15.Nxe4 
Nxf4 16.Nd6+ Bxd6 17.cxd6 Nh3+ 18.gxh3 Qxd6 19.Qh5 Qe7 20.Rf2 Bd7 21.Ba3 
Qxa3 22.Rxf7 O-O-O 23.Rxh7 Qb2 24.Re1 Be8 25.Qe2 Qc3 26.Rxh6 c5 27.Rd1 
cxd4 28.Qd2 Qxd2 29.Rxd2 dxe3 30.Rd4 Bb5 31.Rxe6 Rf8 32.Nd3 Rf3 33.Kg2 
Rxh3 34.Kxh3 Bd7 35.Nc5 Bxe6+ 36.Nxe6 e2 37.Rxd5 1-0

[Event "III Festival A"]
[Site "Assisi ITA"]
[Date "2006.02.04"]
[Round "4"]
[White "Cucinella, Vincenzo"]
[Black "Novelli, Cristiano"]
[Result "1-0"]
[WhiteElo "2142"]
[BlackElo "2073"]
[PlyCount "119"]
[EventDate "2006.02.02"]

1.d4 c5 2.d5 Nf6 3.c4 b5 4.cxb5 a6 5.b6 Qxb6 6.Nc3 g6 7.a4 a5 8.e4 d6 9.
Bb5+ Bd7 10.Nf3 Bg7 11.O-O O-O 12.Nd2 Na6 13.Nc4 Qc7 14.Bf4 Nh5 15.Be3 
Rfb8 16.Qe2 Nb4 17.Rad1 Bc8 18.h3 Bd7 19.g4 Nf6 20.Bf4 h5 21.f3 Kh7 22.e5 
Ne8 23.Bxd7 Qxd7 24.Nb5 Rxb5 25.axb5 Qxb5 26.Rfe1 Nc7 27.Qe4 Re8 28.gxh5 
Qd7 29.hxg6+ fxg6 30.Kh2 Rh8 31.e6 Qa4 32.Rd2 Bd4 33.Rg2 Rg8 34.Bg5 Rg7 
35.Ne3 Qe8 36.f4 Bxe3 37.Rxe3 Nbxd5 38.Reg3 Nf6 39.Bxf6 exf6 40.f5 g5 41.
Qg4 Nd5 42.Rd2 Nf4 43.Rxd6 Qb8 44.Rd2 Rb7 45.b3 c4 46.bxc4 Rb2 47.Rxb2 
Qxb2+ 48.Kh1 Qc1+ 49.Rg1 Qxc4 50.Qf3 Qb4 51.Rd1 Kh6 52.h4 Nh5 53.hxg5+ 
fxg5 54.f6 Qh4+ 55.Kg1 Nf4 56.f7 Nh3+ 57.Qxh3 Qxh3 58.f8=Q+ Kg6 59.Qf7+ 
Kh6 60.Qf6+ 1-0

[Event "III Festival A"]
[Site "Assisi ITA"]
[Date "2006.02.04"]
[Round "4"]
[White "Diotallevi, Maurizio"]
[Black "Bondielli, Giorgio"]
[Result "1-0"]
[WhiteElo "2122"]
[BlackElo "2025"]
[PlyCount "63"]
[EventDate "2006.02.02"]

1.d4 f5 2.Bg5 g6 3.Nc3 Bg7 4.f3 Nf6 5.Qd2 O-O 6.O-O-O c6 7.Bh6 b5 8.Bxg7 
Kxg7 9.e3 a5 10.Bd3 Na6 11.e4 fxe4 12.Nxe4 Nd5 13.h4 Nf4 14.Ne2 Nxd3+ 15.
cxd3 d5 16.N4g3 Bf5 17.h5 Nb4 18.Nf4 Qd6 19.hxg6 Bxg6 20.Nxg6 Qxg6 21.Nh5+
Kh8 22.a3 Na6 23.Rh3 b4 24.a4 c5 25.Rdh1 Rf7 26.Rg3 Qd6 27.Rg4 cxd4 28.Qg5
Nc5 29.Ng7 Qc6 30.Rxh7+ Kxh7 31.Rh4+ Kg8 32.Ne6+ 1-0

[Event "III Festival A"]
[Site "Assisi ITA"]
[Date "2006.02.04"]
[Round "4"]
[White "Frigieri, Fabrizio"]
[Black "Antoniacci, Riccardo"]
[Result "0-1"]
[WhiteElo "2096"]
[BlackElo "2006"]
[PlyCount "120"]
[EventDate "2006.02.02"]

1.e4 e5 2.Nf3 Nc6 3.Bb5 a6 4.Ba4 Nf6 5.O-O Be7 6.Re1 b5 7.Bb3 O-O 8.h3 Bb7
9.c3 d6 10.d4 Re8 11.Nbd2 Bf8 12.d5 Nb8 13.Nf1 Nbd7 14.Ng3 g6 15.Bg5 h6 
16.Be3 c5 17.Qd2 Kh7 18.Nh2 a5 19.a3 a4 20.Bc2 Nb6 21.Qe2 Nc4 22.Bc1 Ba6 
23.Bd3 Rb8 24.Rf1 Nd7 25.Nf3 Na5 26.Be3 Nc4 27.Bc1 Ndb6 28.Nd2 Qh4 29.Kh2 
Bg7 30.Qg4 Qxg4 31.hxg4 Re7 32.Kg1 Na5 33.f3 Nd7 34.Kf2 c4 35.Bc2 Nc5 36.
Rh1 Bf6 37.Rb1 Nab3 38.g5 Nxc1 39.Rxh6+ Kg7 40.gxf6+ Kxh6 41.fxe7 N1d3+ 
42.Bxd3 Nxd3+ 43.Ke3 Re8 44.Ne2 Rxe7 45.g3 Bc8 46.Nc1 Nc5 47.Na2 f5 48.
Rh1+ Kg7 49.Nb4 Bd7 50.Rh4 Be8 51.f4 fxe4 52.fxe5 Rxe5 53.Nxe4 Bd7 54.Kf3 
g5 55.Nxc5 dxc5 56.Re4 Rf5+ 57.Ke3 cxb4 58.axb4 Rxd5 59.Re7+ Kf6 60.Rh7 
Kf5 0-1

[Event "III Festival A"]
[Site "Assisi ITA"]
[Date "2006.02.04"]
[Round "4"]
[White "Giuliani, Sante"]
[Black "Mogranzini, Roberto"]
[Result "0-1"]
[WhiteElo "2004"]
[BlackElo "2370"]
[PlyCount "74"]
[EventDate "2006.02.02"]

1.e4 c5 2.Nf3 e6 3.d3 Nc6 4.g3 g6 5.Bg2 Bg7 6.O-O Nge7 7.Re1 d6 8.c3 e5 9.
Be3 O-O 10.d4 b6 11.dxe5 dxe5 12.Na3 h6 13.Re2 Be6 14.Rd2 Qc8 15.Qf1 Qc7 
16.Rad1 Rad8 17.Rxd8 Rxd8 18.Rxd8+ Nxd8 19.Qd3 Ndc6 20.b3 Qc8 21.Qd6 Qa6 
22.Bc1 Qe2 23.Qd2 Qxd2 24.Bxd2 f5 25.Ne1 Kf7 26.Nb5 Bd7 27.Nc7 Nc8 28.Nd5 
Nd6 29.f3 Ne7 30.Nxe7 Kxe7 31.Nc2 fxe4 32.fxe4 Bc6 33.c4 Bxe4 34.Ne3 Bb1 
35.a3 Ba2 36.b4 Bxc4 37.bxc5 bxc5 0-1

[Event "III Festival A"]
[Site "Assisi ITA"]
[Date "2006.02.04"]
[Round "4"]
[White "Lagumina, Giulio"]
[Black "Bartolozzi, Roberto"]
[Result "1-0"]
[WhiteElo "2311"]
[BlackElo "2093"]
[PlyCount "49"]
[EventDate "2006.02.02"]

1.e4 e6 2.d3 d5 3.Qe2 c5 4.Nf3 Nc6 5.g3 g6 6.Bg2 Bg7 7.O-O Nge7 8.Re1 O-O 
9.e5 b6 10.Bf4 Nf5 11.c3 Ba6 12.Nbd2 b5 13.a3 Bb7 14.h4 b4 15.axb4 cxb4 
16.d4 a5 17.Nb3 Ba6 18.Qd2 bxc3 19.bxc3 Bc4 20.Nc5 Qc7 21.h5 a4 22.hxg6 
hxg6 23.g4 Nfe7 24.Bh6 Kh7 25.Ng5+ 1-0

[Event "III Festival A"]
[Site "Assisi ITA"]
[Date "2006.02.04"]
[Round "4"]
[White "Magalotti, Andrea"]
[Black "Rombaldoni, Axel"]
[Result "0-1"]
[WhiteElo "2136"]
[BlackElo "2123"]
[PlyCount "86"]
[EventDate "2006.02.02"]

1.Nf3 d5 2.c4 e6 3.b3 Nf6 4.Bb2 b6 5.g3 Bb7 6.Bg2 Nbd7 7.O-O c5 8.d3 Qc7 
9.Nbd2 Be7 10.e3 O-O 11.Rc1 Rac8 12.Rc2 a6 13.Qa1 b5 14.Rfc1 Qa5 15.Ne5 
Rfd8 16.f4 Nxe5 17.Bxe5 Ng4 18.Bxg7 Nxe3 19.Qe5 Ng4 20.Qe2 Nf6 21.Bh6 Qc7 
22.cxb5 axb5 23.Re1 Re8 24.Bh3 Bf8 25.Bg5 Bg7 26.Nf3 c4 27.dxc4 bxc4 28.
bxc4 dxc4 29.Ne5 Qb6+ 30.Kf1 c3 31.Bxf6 Ba6 32.Nd3 Bxf6 33.Rd1 Red8 34.Ke1
Rxd3 35.Rxd3 Bxd3 36.Qxd3 Rd8 37.Qe2 Qb1+ 38.Kf2 Rb8 39.Ke3 Rb2 40.Kd3 
Qxa2 41.Bg2 Qa6+ 42.Ke3 Bd4+ 43.Kf3 Qxe2+ 0-1

[Event "III Festival A"]
[Site "Assisi ITA"]
[Date "2006.02.04"]
[Round "4"]
[White "Malfagia, Andrea"]
[Black "Rombaldoni, Denis"]
[Result "1/2-1/2"]
[WhiteElo "2244"]
[BlackElo "2292"]
[PlyCount "123"]
[EventDate "2006.02.02"]

1.d4 Nf6 2.c4 e6 3.Nc3 d5 4.Bg5 Be7 5.e3 Nbd7 6.Nf3 O-O 7.Rc1 a6 8.cxd5 
exd5 9.Bd3 c6 10.O-O Re8 11.Bb1 Ne4 12.Bf4 Nxc3 13.Rxc3 Bf6 14.Qd3 g6 15.
Rfc1 Nf8 16.Qd2 Ne6 17.Bh6 Qd6 18.h4 Bd7 19.h5 Bg7 20.Bxg7 Nxg7 21.hxg6 
hxg6 22.Ne5 Bf5 23.g4 Bxb1 24.Rxb1 Ne6 25.f4 Kg7 26.g5 Rh8 27.Kg2 Rh5 28.
Rcc1 Nxg5 29.fxg5 Rxg5+ 30.Kf2 f6 31.e4 dxe4 32.Rh1 Rf5+ 33.Ke2 fxe5 34.
Qh6+ Kf7 35.Rbf1 Rf3 36.Qh7+ Ke6 37.Rhg1 Qxd4 38.Rxg6+ Kd5 39.Qd7+ Kc5 40.
Rc1+ Kb6 41.Rcxc6+ Ka5 42.Qc7+ b6 43.Qxb6+ Qxb6 44.Rxb6 Rh3 45.Rge6 Rd3 
46.Rb7 Rd5 47.Rbe7 Rb8 48.b3 Rbb5 49.Ke3 Rd3+ 50.Kxe4 Rd2 51.Ra7 Rb6 52.
Rxe5+ Kb4 53.a4 Re2+ 54.Kd5 Rxe5+ 55.Kxe5 Kxb3 56.Kd5 Kb4 57.Rc7 Kxa4 58.
Kc4 a5 59.Rc5 Rb1 60.Kd3 Kb4 61.Kc2 Rh1 62.Rg5 1/2-1/2

[Event "III Festival A"]
[Site "Assisi ITA"]
[Date "2006.02.04"]
[Round "4"]
[White "Peric, Slavisa"]
[Black "Korneev, Oleg"]
[Result "0-1"]
[WhiteElo "2284"]
[BlackElo "2649"]
[PlyCount "68"]
[EventDate "2006.02.02"]

1.d4 Nf6 2.Nf3 g6 3.Bg5 Bg7 4.Nbd2 d5 5.e3 O-O 6.c3 b6 7.Be2 c5 8.O-O Nc6 
9.Ne5 Nxe5 10.dxe5 Nd7 11.f4 f6 12.exf6 Nxf6 13.Bf3 Bb7 14.Nc4 e6 15.Ne5 
Qc7 16.Ng4 Nxg4 17.Bxg4 Rae8 18.Bf3 a5 19.Rf2 b5 20.Rd2 b4 21.Rc1 c4 22.
Bh4 Bc6 23.Qc2 a4 24.Re2 b3 25.axb3 cxb3 26.Qd2 Bb5 27.Ree1 Bc4 28.Ra1 Ra8
29.Bf2 Rfd8 30.g3 a3 31.Rxa3 Rxa3 32.bxa3 Qa5 33.Rc1 Qxa3 34.Be1 Bd3 0-1

[Event "III Festival A"]
[Site "Assisi ITA"]
[Date "2006.02.04"]
[Round "5"]
[White "Anceschi, Vittorio"]
[Black "Giuliani, Sante"]
[Result "1-0"]
[WhiteElo "2266"]
[BlackElo "2004"]
[PlyCount "99"]
[EventDate "2006.02.02"]

1.e4 d5 2.Nc3 d4 3.Nce2 e5 4.d3 c5 5.f4 Nc6 6.Nf3 Bd6 7.g3 Bg4 8.Bg2 Nf6 
9.O-O Qd7 10.a3 b5 11.Qe1 a5 12.Nh4 O-O 13.fxe5 Nxe5 14.Nf5 Bc7 15.Bg5 
Bxe2 16.Qxe2 Bd8 17.Bf4 Bc7 18.Bh3 Qe8 19.Rf2 Nfd7 20.Qh5 f6 21.Qxe8 Rfxe8
22.Nxg7 Kxg7 23.Bxd7 Nxd7 24.Bxc7 a4 25.Rf5 Ne5 26.Bxe5 Rxe5 27.Raf1 Ra6 
28.Rxe5 fxe5 29.Rf5 Re6 30.Kf2 Re7 31.Ke2 b4 32.Kd2 bxa3 33.bxa3 Re6 34.
Ke2 Re7 35.h4 Re6 36.g4 h6 37.Kf3 Re7 38.g5 h5 39.Ke2 Re6 40.Kd2 Kg8 41.g6
Kg7 42.Rxh5 Kxg6 43.Rf5 Kg7 44.Ke2 Re7 45.Kf3 Re6 46.Kg4 Kg8 47.Kg5 Kg7 
48.h5 Kh7 49.Rf7+ Kg8 50.Rc7 1-0

[Event "III Festival A"]
[Site "Assisi ITA"]
[Date "2006.02.04"]
[Round "5"]
[White "Antoniacci, Riccardo"]
[Black "Cucinella, Vincenzo"]
[Result "0-1"]
[WhiteElo "2006"]
[BlackElo "2142"]
[PlyCount "110"]
[EventDate "2006.02.02"]

1.e4 c5 2.Nf3 e6 3.d4 cxd4 4.Nxd4 a6 5.c4 Nf6 6.Bd3 Qc7 7.O-O d6 8.Nc3 Be7
9.Be3 O-O 10.f4 Nbd7 11.Rc1 b6 12.Bb1 Re8 13.g4 g6 14.g5 Nh5 15.b3 Bf8 16.
f5 Ne5 17.Rc2 Bb7 18.Rcf2 Bg7 19.fxe6 fxe6 20.Bd3 Nxd3 21.Qxd3 Re7 22.Nde2
Rf8 23.Rxf8+ Bxf8 24.Qd4 Rf7 25.Qxb6 Rxf1+ 26.Kxf1 Qf7+ 27.Ke1 Qf3 28.e5 
Qc6 29.exd6 Bxd6 30.Qxc6 Bxc6 31.Nd4 Bd7 32.h4 Ng3 33.Bf2 Kf7 34.a3 Nf5 
35.Nxf5 gxf5 36.b4 Be5 37.Kd2 Bf4+ 38.Kd3 Be5 39.c5 Bc6 40.Kc4 Bg7 41.b5 
axb5+ 42.Nxb5 Bd5+ 43.Kb4 Ke7 44.a4 Kd7 45.a5 e5 46.Nd6 f4 47.a6 e4 48.Nc4
Kc7 49.Nb6 Bc6 50.Kc4 Kb8 51.h5 e3 52.Be1 f3 53.Bg3+ Ka7 54.Kd3 f2 55.Bxf2
exf2 0-1

[Event "III Festival A"]
[Site "Assisi ITA"]
[Date "2006.02.04"]
[Round "5"]
[White "Bartolozzi, Roberto"]
[Black "Bonafede, Alessandro"]
[Result "1/2-1/2"]
[WhiteElo "2093"]
[BlackElo "2115"]
[PlyCount "137"]
[EventDate "2006.02.02"]

1.Nf3 f5 2.b3 d6 3.Bb2 e5 4.e3 Nf6 5.c4 g6 6.d3 Bg7 7.Nc3 O-O 8.Be2 c6 9.
O-O a5 10.a3 Qe7 11.b4 e4 12.Nd4 Nbd7 13.Nb3 axb4 14.axb4 Rxa1 15.Qxa1 
exd3 16.Bxd3 Ne5 17.Be2 Be6 18.Nd2 Qf7 19.c5 dxc5 20.bxc5 Nfd7 21.Qa5 Nc4 
22.Nxc4 Bxc4 23.Qb4 Bxe2 24.Nxe2 Bxb2 25.Qxb2 Nxc5 26.Qb6 Na4 27.Qa5 b5 
28.Rd1 Qc4 29.Nf4 Nb2 30.Ra1 Nd3 31.Qc7 Qc3 32.Rf1 Nxf4 33.exf4 b4 34.h4 
b3 35.h5 gxh5 36.Qd7 Qc4 37.Qd2 Qd5 38.Qc3 c5 39.Re1 Qf7 40.Re3 h6 41.Rg3+
Kh7 42.Qxb3 Qxb3 43.Rxb3 Rc8 44.Kf1 Kg7 45.Ke2 Re8+ 46.Kd2 Re4 47.g3 h4 
48.Rc3 hxg3 49.fxg3 c4 50.Rc1 Kg6 51.Rh1 Rd4+ 52.Kc3 Rd3+ 53.Kxc4 Rxg3 54.
Kd5 Rf3 55.Ke5 Re3+ 56.Kd5 Re4 57.Rh4 Re8 58.Rh3 Rh8 59.Ke5 Re8+ 60.Kd5 h5
61.Kd6 Rh8 62.Rh4 Kf6 63.Kd7 Rg8 64.Rxh5 Rg4 65.Rh6+ Kg7 66.Ra6 Rxf4 67.
Ke6 Kg6 68.Ke5+ Kg5 69.Rg6+ 1/2-1/2

[Event "III Festival A"]
[Site "Assisi ITA"]
[Date "2006.02.04"]
[Round "5"]
[White "Bondielli, Giorgio"]
[Black "Novelli, Cristiano"]
[Result "0-1"]
[WhiteElo "2025"]
[BlackElo "2073"]
[PlyCount "60"]
[EventDate "2006.02.02"]

1.e4 c5 2.d4 cxd4 3.c3 dxc3 4.Nxc3 Nc6 5.Nf3 e6 6.Bc4 Qc7 7.Qe2 Nf6 8.O-O 
Ng4 9.Rd1 Bc5 10.Be3 Nxe3 11.fxe3 a6 12.Rac1 O-O 13.a3 b5 14.Ba2 Qa7 15.
Rd3 b4 16.Na4 Be7 17.Nd4 Ne5 18.Rb3 Bb7 19.Bb1 Rac8 20.Rd1 d5 21.axb4 dxe4
22.Nc3 Bd5 23.Nxd5 exd5 24.Nf5 Rcd8 25.b5 axb5 26.Rxb5 Bc5 27.b4 Be7 28.
Rbxd5 Rxd5 29.Rxd5 Bxb4 30.Rxe5 Qa1 0-1